ब्लाईंडनेस (Record no. 474326)

MARC details
000 -LEADER
fixed length control field 00565nam a2200169Ia 4500
008 - FIXED-LENGTH DATA ELEMENTS--GENERAL INFORMATION
fixed length control field 100204s9999 xx 000 0 und d
082 ## - DEWEY DECIMAL CLASSIFICATION NUMBER
Item number 28919
100 ## - MAIN ENTRY--PERSONAL NAME
Personal name "सारामागु , ज्युझे"
245 ## - TITLE STATEMENT
Title ब्लाईंडनेस
250 ## - EDITION STATEMENT
Edition statement 0
260 ## - PUBLICATION, DISTRIBUTION, ETC. (IMPRINT)
Name of publisher, distributor, etc "साकेत प्रकाशन , औरंगाबाद"
Date of publication, distribution, etc 2009
300 ## - PHYSICAL DESCRIPTION
Extent 312
630 ## - SUBJECT ADDED ENTRY--UNIFORM TITLE
Uniform title ब्लाईंडनेस
700 ## - ADDED ENTRY--PERSONAL NAME
Personal name भोळे भास्कर लक्ष्मण
730 ## - ADDED ENTRY--UNIFORM TITLE
Uniform title ब्लाईंडनेस
942 ## - ADDED ENTRY ELEMENTS (KOHA)
Koha item type Book

No items available.